000 00548nam a2200169Ia 4500
005 20250923144716.0
008 008 250917s9999 xx 000 0 eng d
037 _aTextual
040 _aDSWL
_beng
_cDSWL
041 _aeng
_2eng
084 _aYX,zQ.44318'N55t, N60
_qDSWL
100 _aPatel, Tara
_9827608
245 0 _aReport on the beggar problem in the city of Ahmedabad
_cby Tara Patel
260 _aGujrat
_b University Press
_c1960
942 _cTEXL
_hYX,zQ.44318'N55t, N60
999 _c1442353
_d1442353